=LDR 00000nam 2200000 4500 =001 000397 =005 20250710032026 =035 ##$$a 0010-0725000259 =007 ta =008 250710################a##########0#ind## =020 ##$$a s =082 ##$$a 398.209 598 =084 ##$$a 398.209 598 PER s =100 #$$a Tethy Permanasari =245 1#$$a Sembunyi....sembunyi /$c Tethy Permanasari =250 ##$$a Cetakan Kedua =260 ##$$a Rawamangun :$b Badan Pengembangan dan Pembinaan Bahasa,$c 2022 =300 ##$$a 24 hlm. : $b Ilus. ; $c 29,7 cm. =650 #4$$a Cerita Anak - Indonesia =650 #4$$a Literasi - Bahan bacaan =856 ##$$a TBM AS SUHADA =990 ##$$a TBM01170117